Ekonómia vzdelávania
Guardado en:
| Autor principal: | |
|---|---|
| Autor Corporativo: | |
| Otros Autores: | , |
| Formato: | Libro |
| Lenguaje: | eslovaco |
| Publicado: |
Bratislava
Vydavateľstvo EKONÓM
2011
|
| Materias: | |
| Etiquetas: |
Sin Etiquetas, Sea el primero en etiquetar este registro!
|
MARC
| LEADER | 00000nam$a2200000$$$4500 | ||
|---|---|---|---|
| 001 | 0127373 | ||
| 005 | 20240502072443.0 | ||
| 020 | |a 978-80-225-3117-7 | ||
| 041 | 0 | |a slo | |
| 044 | |a SK | ||
| 245 | 1 | 0 | |a Ekonómia vzdelávania |c Iveta Dudová |
| 264 | 1 | |a Bratislava |b Vydavateľstvo EKONÓM |c 2011 | |
| 300 | |a 227 s. [15,029 AH] | ||
| 610 | 2 | 0 | |a globalizácia |
| 610 | 2 | 0 | |a vzdelávanie |
| 610 | 2 | 0 | |a investovanie |
| 610 | 2 | 0 | |a zvyšovanie kvalifikácie |
| 610 | 2 | 0 | |a školy vysoké |
| 610 | 2 | 0 | |a ekonomika vedomostná |
| 610 | 2 | 0 | |a kapitál ľudský |
| 610 | 2 | 0 | |a kapitál sociálny |
| 610 | 2 | 0 | |a vzdelávanie celoživotné |
| 610 | 2 | 0 | |a trh práce |
| 610 | 2 | 0 | |a Európska únia |
| 610 | 2 | 0 | |a Slovensko |
| 100 | 1 | |a Dudová, Iveta | |
| 700 | 1 | |a Čaplánová, Anetta, 1967- | |
| 700 | 1 | |a Preinerová, Anna | |
| 710 | 2 | |a Ekonomická univerzita v Bratislave. Národohospodárska fakulta | |